| 000 | 03257nam0a2200373 4500 | ||
|---|---|---|---|
| 001 | RU\NLR\BIBL_A\022104579 | ||
| 005 | 20260419235913.0 | ||
| 010 |
_a978-5-7038-6074-8 _9234 |
||
| 021 |
_aRU _bКН-П-23-073449 _9КН-П-23-7422 |
||
| 035 | _a(NLR Aleph) 022104579 | ||
| 035 | _a(RuMoRGB)012374942 | ||
| 090 |
_a13658654 _c13658654 |
||
| 100 | _a20240109d2023 u y0rusy50 ca | ||
| 101 | 0 | _arus | |
| 102 | _aRU | ||
| 105 | _aа|||j|||000yy | ||
| 181 | 0 |
_ai3 _baxxe |
|
| 182 | 0 | _an | |
| 200 | 1 |
_aТехнологии производства изделий ракетно-космической техники из полимерных композиционных материалов _eучебное пособие _eдля студентов и аспирантов технических вузов по направлениям подготовки 24.05.01 "Проектирование, производство и эксплуатация ракет и ракетно-космических комплексов", для магистров по направлениям подготовки 22.04.01 "Материаловедение и технологии материалов" и 24.04.01 "Ракетные комплексы и космонавтика" _fЮ. В. Баданина, Г. В. Малышева _gФедеральное государственное бюджетное образовательное учреждение высшего образования "Московский государственный технический университет имени Н. Э. Баумана (национальный исследовательский университет)", Факультет "Специальное машиностроение", Кафедра "Технологии ракетно-космического машиностроения" |
|
| 203 |
_aТекст _bвизуальный _cнепосредственный |
||
| 210 |
_aМосква _cИзд-во МГТУ им. Н. Э. Баумана _d2023 |
||
| 215 |
_a146 с. _cил., табл. _d24 |
||
| 320 | _aБиблиогр.: с. 132-133 | ||
| 606 | 1 |
_aКомпозиционные материалы полимерные _jУчебные издания для высших учебных заведений _xПрименение в космический технике _92348433 _3RU\NLR\AUTH\6601626323 |
|
| 606 | 1 |
_aРакетная техника _jУчебные издания для высших учебных заведений _xПроизводство _xТехнологические процессы _92532918 _3RU\NLR\AUTH\6601713894 |
|
| 606 | 1 |
_aКосмическая техника _jУчебные издания для высших учебных заведений _xПроизводство _xТехнологические процессы _92532921 _3RU\NLR\AUTH\6601713895 |
|
| 675 |
_a629.78:678(075.8) _v4 |
||
| 686 | 1 | _aО62-060.24я73-1 | |
| 700 | 1 |
_aБаданина _bЮ. В. _gЮлия Владимировна |
|
| 701 | 1 |
_aМалышева _bГ. В. _gГалина Владленовна |
|
| 942 | _cBOOK | ||
| 980 | _aNB | ||